Catálogo público

Use of different forms and sources of fat in weanling pig diets / (Record no. 164490)

MARC details
000 -CABECERA
campo de control de longitud fija 00824nam a2200277Ia 4500
001 - NÚMERO DE CONTROL
campo de control Z_1401
003 - IDENTIFICADOR DEL NÚMERO DE CONTROL
campo de control CHAP
008 - DATOS DE LONGITUD FIJA--INFORMACIÓN GENERAL
campo de control de longitud fija 220113s1986 xx 000 0 und d
010 ## - NÚMERO DE CONTROL DE LA BIBLIOTECA DEL CONGRESO
Número de control de LC 164490
040 ## - FUENTE DE LA CATALOGACIÓN
Centro/agencia transcriptor CHAP
090 ## - LOCALMENTE ASIGNADO TIPO-LC NÚMERO DE CLASIFICACIÓN (OCLC); NÚMERO DE CLASIFICACIÓN LOCAL (RLIN)
Número de clasificación (OCLC) (R) ; Numero de clasificación, CALL (RLIN) (NR) Tesis A 680
100 ## - ENTRADA PRINCIPAL--NOMBRE DE PERSONA
Nombre de persona Abreu-Sierra, José Enrique
9 (RLIN) 322
245 ## - MENCIÓN DE TÍTULO
Título Use of different forms and sources of fat in weanling pig diets /
Mención de responsabilidad, etc. José Enrique Abreu-Sierra
260 ## - PUBLICACIÓN, DISTRIBUCIÓN, ETC.
Lugar de publicación, distribución, etc. Lincoln, Nebraska :
Nombre del editor, distribuidor, etc. The author,
Fecha de publicación, distribución, etc. 1986
300 ## - DESCRIPCIÓN FÍSICA
Extensión 88 h.
502 ## - NOTA DE TESIS
Nota de tesis Thesis (Master of Science) -- University of Nebraska. Department of Animal Science
650 ## - PUNTO DE ACCESO ADICIONAL DE MATERIA--TÉRMINO DE MATERIA
Término de materia o nombre geográfico como elemento de entrada Ganado porcino
Subdivisión general Alimentación
9 (RLIN) 45329
650 ## - PUNTO DE ACCESO ADICIONAL DE MATERIA--TÉRMINO DE MATERIA
Término de materia o nombre geográfico como elemento de entrada Ganado porcino
Subdivisión general Mejoramiento
9 (RLIN) 45382
650 ## - PUNTO DE ACCESO ADICIONAL DE MATERIA--TÉRMINO DE MATERIA
Término de materia o nombre geográfico como elemento de entrada Lechones
Subdivisión general Destete
9 (RLIN) 65445
901 ## - ELEMENTOS DE DATOS A LOCAL LDA (RLIN)
a TESIS A 680
902 ## - ELEMENTOS DE DATOS B LOCAL, LDB (RLIN)
a M
910 ## - DATOS DE OPCIÓN DEL USUARIO (OCLC)
Datos de opción del usuario 1986
942 ## - ELEMENTOS DE PUNTO DE ACCESO ADICIONAL (KOHA)
Tipo de ítem Koha Tesis_
942 ## - ELEMENTOS DE PUNTO DE ACCESO ADICIONAL (KOHA)
Tipo de ítem Koha Tesis_
Holdings
Estado de retiro Estado de pérdida Fuente del sistema de clasificación o colocación Estado dañado Restricciones de uso No para préstamo Código de colección Localización permanente Ubicación/localización actual Fecha de adquisición Fuente de adquisición Total de préstamos Signatura topográfica completa Código de barras Fecha visto por última vez Número de copia Precio válido a partir de Tipo de ítem Koha
    Clasificación Universidad Autónoma de Chapingo   Préstamo interno   Tesis Zootecnia Zootecnia 09/11/2005 El autor   Tesis A27 680 1986 5101000941 18/01/2022 Ej.1 18/01/2022 Tesis